Estadísticas para Países con muchos terremotos

Haz click aquí para tomar la prueba!

Estadísticas generales

  • Esta prueba ha sido tomada 7.313 veces
    (1.900 desde el último reinicio)
  • La puntuación promedio es 7 de 10

Estadísticas de respuestas

#País% Correcto
16Japón
96%
21Chile
89%
21Estados Unidos
89%
9China
87%
12México
83%
28Indonesia
75%
14Rusia
69%
16Perú
67%
8Filipinas
58%
11Papúa Nueva Guinea
25%

Distribución de puntuación

Porcentaje por número respondido

Porcentaje de gente con cada puntuación

Historial de tus puntuaciones

No has tomado esta prueba desde el último reinicio